| 000 | 00521ngm a2200217 4500 | ||
|---|---|---|---|
| 005 | 20170315173304.0 | ||
| 006 | a|||||r|||| 00| | | ||
| 008 | 160218b xxu||||| |||| 00| 0 spa d | ||
| 041 | _aspa | ||
| 082 | _a146 DVD | ||
| 245 | _aCosta Rica y sus provincias | ||
| 260 |
_bUNED _aCosta Rica |
||
| 260 | _c2002 | ||
| 300 | _a48 minutos | ||
| 650 |
_aCOSTA RICA _941222 |
||
| 650 |
_aPROVINCIAS _94417 |
||
| 650 |
_a CULTURA _91093 |
||
| 650 |
_aCOSTUMBRES _94420 |
||
| 650 |
_aGEOGRAFÍA _91138 |
||
| 942 | _cDVD | ||
| 999 |
_c9046 _d9046 |
||